CONN`S CURRENT THERAPY 2010 + ONLINE / (Record no. 798591)

MARC details
000 -LEADER
fixed length control field 00528pam a2200193 a 4500
020 ## - INTERNATIONAL STANDARD BOOK NUMBER
International Standard Book Number 9781416066422
Terms of availability 4937.53
041 ## - LANGUAGE CODE
Language code of text/sound track or separate title eng
Language code of original NULL
082 ## - DEWEY DECIMAL CLASSIFICATION NUMBER
Classification number 616.05849
Item number BOP/RAK
100 ## - MAIN ENTRY--PERSONAL NAME
Personal name BOPE, E .
245 ## - TITLE STATEMENT
Title CONN`S CURRENT THERAPY 2010 + ONLINE /
Statement of responsibility, etc. NULL.
Medium Textual Documents
260 ## - PUBLICATION, DISTRIBUTION, ETC.
Place of publication, distribution, etc. NULL :
Name of publisher, distributor, etc. SAUNDER, ELSEVIER ,
Date of publication, distribution, etc. 2010.
300 ## - PHYSICAL DESCRIPTION
Extent 1308 :
Other physical details XXIV ;
Dimensions A4 .
365 ## - TRADE PRICE
Price type code 4937.53
650 ## - SUBJECT ADDED ENTRY--TOPICAL TERM
Topical term or geographic name entry element GEN.MEDICINE
700 ## - ADDED ENTRY--PERSONAL NAME
Personal name RAKEL, R .
-- KELLERMAN, R .
907 ## - LOCAL DATA ELEMENT G, LDG (RLIN)
a 8852
930 ## - EQUIVALENCE OR CROSS-REFERENCE-UNIFORM TITLE HEADING [LOCAL, CANADA]
Uniform title 4057
Holdings
Withdrawn status Lost status Damaged status Not for loan Home library Current library Date acquired Source of acquisition Cost, normal purchase price Total Checkouts Full call number Barcode Date last seen Copy number Price effective from Koha item type
        Medical College & Hospital, Sangli Medical College & Hospital, Sangli 28/11/2011 4937.53   616.05849 BOP/RAK MCS-8852 26/07/2023 2 26/07/2023 Book
        Medical College & Hospital, Sangli Medical College & Hospital, Sangli 28/11/2011 4937.53   616.05849 BOP/RAK MCS-8702 26/07/2023 1 26/07/2023 Book